000 005520000a22001930004500
020 _a84-293-0741-9
041 0 _aSPA
082 0 4 _aG 270.92 B673u
100 1 _aBoff, Leonardo
245 1 0 _aTeología desde el lugar del pobre / Leonardo Boff ; Jesús García Abril, Traductor
260 _aSantander, España : Sal Terrae
300 _a148 Pag
500 _aTítulo original : Do lugar do pobre
001 8398
942 _cBK
999 _c38561
_d38561
336 _atexto
_btxt
_2rdacontent
337 _2rdamedia
_asin mediación
_bn
338 _2rdacarrier
_avolumen
_bnc